|
|
|
|
| LEADER |
01563cas a2200241 a 4500 |
| 001 |
AALejournalIMF019264 |
| 008 |
230101c9999 xx r poo 0 0eng d |
| 020 |
|
|
|c 20.00 USD
|
| 020 |
|
|
|z 9781498311038
|
| 022 |
|
|
|a 2616-5333
|
| 040 |
|
|
|a BD-DhAAL
|c BD-DhAAL
|
| 100 |
1 |
|
|a Stankova, Olga Ilinichna.
|
| 245 |
1 |
0 |
|a Frontiers of Economic Policy Communications /
|c Olga Ilinichna Stankova.
|
| 264 |
|
1 |
|a Washington, D.C. :
|b International Monetary Fund,
|c 2019.
|
| 300 |
|
|
|a 1 online resource (73 pages)
|
| 490 |
1 |
|
|a Departmental Papers
|
| 500 |
|
|
|a <strong>Off-Campus Access:</strong> No User ID or Password Required
|
| 500 |
|
|
|a <strong>On-Campus Access:</strong> No User ID or Password Required
|
| 506 |
|
|
|a Electronic access restricted to authorized BRAC University faculty, staff and students
|
| 520 |
3 |
|
|a The paper provides an overall view of communications across various areas of economic policy, aiming to help country authorities as they increasingly use communications as a policy tool in its own right. The paper identifies frontier communications challenges, drawing on a large body of research on the salient issues. Although communications can never be a substitute for good policies, economic reforms are more likely to fail or even be reversed if they are not understood or accepted by those whom they affect.
|
| 538 |
|
|
|a Mode of access: Internet
|
| 830 |
|
0 |
|a Departmental Papers; Departmental Paper ;
|v No. 2019/008
|
| 856 |
4 |
0 |
|z Full text available on IMF
|u http://elibrary.imf.org/view/journals/087/2019/008/087.2019.issue-008-en.xml
|z IMF e-Library
|